<?xml version="1.0" encoding="UTF-8"?>
<record
    xmlns:xsi="http://www.w3.org/2001/XMLSchema-instance"
    xsi:schemaLocation="http://www.loc.gov/MARC21/slim http://www.loc.gov/standards/marcxml/schema/MARC21slim.xsd"
    xmlns="http://www.loc.gov/MARC21/slim">

  <leader>00695nam a2200181Ia 4500</leader>
  <controlfield tag="008">090123s9999    xx            000 0 und d</controlfield>
  <datafield tag="082" ind1=" " ind2=" ">
    <subfield code="b">40913</subfield>
  </datafield>
  <datafield tag="100" ind1=" " ind2=" ">
    <subfield code="a">&#x932;&#x935;&#x933;&#x947;&#x915;&#x930; &#x930;&#x93E;&#x91C;&#x947;&#x936;</subfield>
  </datafield>
  <datafield tag="245" ind1=" " ind2=" ">
    <subfield code="a">&#x91A;&#x93F;&#x924;&#x94D;&#x930;&#x92E;&#x92F; &#x915;&#x93E;&#x935;&#x933;&#x94D;&#x92F;&#x93E;&#x932;&#x93E; &#x932;&#x93E;&#x917;&#x932;&#x940; &#x924;&#x939;&#x93E;&#x928;</subfield>
  </datafield>
  <datafield tag="250" ind1=" " ind2=" ">
    <subfield code="a">0</subfield>
  </datafield>
  <datafield tag="260" ind1=" " ind2=" ">
    <subfield code="b">&#x91C;&#x94D;&#x92F;&#x94B;&#x924;&#x94D;&#x938;&#x94D;&#x928;&#x93E; &#x92A;&#x94D;&#x930;&#x915;&#x93E;&#x936;&#x928;</subfield>
  </datafield>
  <datafield tag="300" ind1=" " ind2=" ">
    <subfield code="a">40</subfield>
  </datafield>
  <datafield tag="600" ind1=" " ind2=" ">
    <subfield code="a">&#x932;&#x935;&#x933;&#x947;&#x915;&#x930; &#x930;&#x93E;&#x91C;&#x947;&#x936;</subfield>
  </datafield>
  <datafield tag="630" ind1=" " ind2=" ">
    <subfield code="a">&#x91A;&#x93F;&#x924;&#x94D;&#x930;&#x92E;&#x92F; &#x915;&#x93E;&#x935;&#x933;&#x94D;&#x92F;&#x93E;&#x932;&#x93E; &#x932;&#x93E;&#x917;&#x932;&#x940; &#x924;&#x939;&#x93E;&#x928;</subfield>
  </datafield>
  <datafield tag="700" ind1=" " ind2=" ">
    <subfield code="a">&#x932;&#x935;&#x933;&#x947;&#x915;&#x930; &#x930;&#x93E;&#x91C;&#x947;&#x936;</subfield>
  </datafield>
  <datafield tag="730" ind1=" " ind2=" ">
    <subfield code="a">&#x91A;&#x93F;&#x924;&#x94D;&#x930;&#x92E;&#x92F; &#x915;&#x93E;&#x935;&#x933;&#x94D;&#x92F;&#x93E;&#x932;&#x93E; &#x932;&#x93E;&#x917;&#x932;&#x940; &#x924;&#x939;&#x93E;&#x928;</subfield>
  </datafield>
  <datafield tag="942" ind1=" " ind2=" ">
    <subfield code="c">BOOK</subfield>
  </datafield>
  <datafield tag="999" ind1=" " ind2=" ">
    <subfield code="c">78988</subfield>
    <subfield code="d">78988</subfield>
  </datafield>
  <datafield tag="952" ind1=" " ind2=" ">
    <subfield code="0">0</subfield>
    <subfield code="1">0</subfield>
    <subfield code="4">0</subfield>
    <subfield code="7">0</subfield>
    <subfield code="a">KALWAJAWAH</subfield>
    <subfield code="b">KALWAJAWAH</subfield>
    <subfield code="d">2007-05-07</subfield>
    <subfield code="g">0.00</subfield>
    <subfield code="l">0</subfield>
    <subfield code="o">40913</subfield>
    <subfield code="p">KLW-40913</subfield>
    <subfield code="r">2009-01-23 00:00:00</subfield>
    <subfield code="v">0.00</subfield>
    <subfield code="w">2009-01-23</subfield>
    <subfield code="y">BOOK</subfield>
  </datafield>
</record>
